| 000 | 01059nam a2200325 i 4500 | ||
|---|---|---|---|
| 003 | EG-GICUC | ||
| 005 | 20260513130424.0 | ||
| 008 | 260513s2001 fr ||||f |||| 001 0 fre d | ||
| 020 | _a2701313619 | ||
| 040 |
_aEG-GiCUC _bfre _cEG-GiCUC _dEG-GiCUC _eRda |
||
| 041 | _afre | ||
| 082 | 0 | 4 |
_221 _a345.256 _bLA . E |
| 092 | 0 | 4 | _221 |
| 099 | _aLaw1 07 345.256 LA . E 2001 0705080 C1 | ||
| 100 | 1 |
_aLacaïle, Philippe _eAuteur |
|
| 245 | 1 | 2 |
_aL'élu Municipal : _bFonctionnement Du Conseil Municipal Et Droits De L'élu / _cParPhilippe Lacaïle. |
| 264 | 1 |
_aParis : _bBerger-levrault , _c2001. |
|
| 300 |
_a166 Page ; _c24 cm. |
||
| 336 |
_2rda contenu _a texte |
||
| 337 |
_2rda medias _aOrdinateur |
||
| 338 |
_2 transporteur rda _a Ressource en ligne |
||
| 500 | _aIndex Pages : 163-166. | ||
| 546 | _aTexte en français | ||
| 650 | 1 | 4 |
_aDroit administratif _2qrmak |
| 650 | 1 | 4 |
_aConseils populaires locaux _2qrmak |
| 651 | 1 | _2qrmak | |
| 856 | 4 | 0 | _uhttps://fll.law.cu.edu.eg/fulltext/bks/B07-05080.pdf |
| 905 | _a164 | ||
| 942 |
_2ddc _cBK _e21 _n0 |
||
| 999 |
_c76744 _d76744 |
||